[Event "Brasilia Oeste op"]
[White "Faria, Fillipe Marinho"]
[Black "Reis, Ernesto Guevara"]
[Site "Brasilia"]
[Round "4"]
[Result "1/2-1/2"]
[Date "2012.10.13"]
[WhiteElo "2078"]
[BlackElo "1942"]
[PlyCount "72"]
[EventDate "2012.10.11"]
[EventType "swiss"]
[EventRounds "7"]
[EventCountry "BRA"]
[SourceTitle "EXT 2013"]
[Source "ChessBase"]
[SourceDate "2012.11.22"]
[SourceVersion "1"]
[SourceVersionDate "2012.11.22"]
[SourceQuality "1"]

1. d4 c5 2. Nf3 Nf6 3. c4 cxd4 4. Nxd4 e6 5. Nc3 Be7 6. g3 0-0 7. Bg2 Nc6 8. Nb3 a6 9. 0-0 Qc7 10. e4 Ne5 11. Bf4 d6 12. Rc1 Bd7 13. c5 dxc5 14. Bxe5 Qxe5 15. f4 Qc7 16. e5 Ne8 17. Ne4 Bc6 18. Qc2 b6 19. Nd4 Bd5 20. Nf3 Bxe4 21. Qxe4 Rd8 22. b4 g6 23. h4 Ng7 24. Kh2 Qd7 25. bxc5 Bxc5 26. Rc2 Qd5 27. Qxd5 Rxd5 28. Nd2 Rd3 29. Ne4 Nf5 30. Nxc5 bxc5 31. Be4 Ra3 32. Bxf5 gxf5 33. Rff2 Rc8 34. Rc4 Kg7 35. Rd2 Kg6 36. Kg2 Rc7 1/2-1/2

[Event "Brasilia Oeste op"]
[White "Reis, Ernesto Guevara"]
[Black "Rezende, Guilherme Vilela"]
[Site "Brasilia"]
[Round "3"]
[Result "1/2-1/2"]
[Date "2012.10.12"]
[WhiteElo "1942"]
[BlackElo "2046"]
[PlyCount "120"]
[EventDate "2012.10.11"]
[EventType "swiss"]
[EventRounds "7"]
[EventCountry "BRA"]
[SourceTitle "EXT 2013"]
[Source "ChessBase"]
[SourceDate "2012.11.22"]
[SourceVersion "1"]
[SourceVersionDate "2012.11.22"]
[SourceQuality "1"]

1. e4 c5 2. Nf3 e6 3. d4 cxd4 4. Nxd4 a6 5. Be2 Nf6 6. Bf3 e5 7. Nb3 d6 8. Nc3 Be6 9. Be3 Be7 10. a4 Nc6 11. 0-0 h6 12. Qd2 Rc8 13. a5 0-0 14. Bb6 Qe8 15. Rfd1 Nb4 16. Nc1 Nh7 17. Nd3 Nxd3 18. Qxd3 Rc6 19. Nd5 Bd8 20. Bxd8 Qxd8 21. Nb4 Rc4 22. c3 Ng5 23. Nd5 Bxd5 24. Qxd5 Nxf3+ 25. gxf3 Rc6 26. Ra4 Qf6 27. Rb4 Qxf3 28. Rxb7 Rc5 29. Qxd6 Qg4+ 30. Kf1 Qh3+ 31. Ke1 Rfc8 32. Qe7 Qf3 33. Rd8+ Rxd8 34. Qxd8+ Kh7 35. Rb4 Rc6 36. Qd1 Qh1+ 37. Ke2 Qxh2 38. Rb6 Rc4 39. Qd3 Qh5+ 40. f3 Qh2+ 41. Kd1 Ra4 42. Qe2 Qg1+ 43. Kc2 Ra1 44. Rxa6 Qb1+ 45. Kb3 Qa2+ 46. Kc2 Qa4+ 47. Kd2 Rb1 48. Rb6 Qxa5 49. Qb5 Qa1 50. Qxe5 Rd1+ 51. Kc2 Rd8 52. Rd6 Qa4+ 53. Kb1 Ra8 54. Qf5+ Kg8 55. Qd5 Qa1+ 56. Kc2 Rb8 57. Rd8+ Rxd8 58. Qxd8+ Kh7 59. Qd7 Qa2 60. Qd5 Qa7 1/2-1/2

[Event "Brasilia Oeste op"]
[White "Ribeiro, Valdir Uchoa Jr"]
[Black "Reis, Ernesto Guevara"]
[Site "Brasilia"]
[Round "2"]
[Result "0-1"]
[Date "2012.10.12"]
[WhiteElo "1952"]
[BlackElo "1942"]
[PlyCount "38"]
[EventDate "2012.10.11"]
[EventType "swiss"]
[EventRounds "7"]
[EventCountry "BRA"]
[SourceTitle "EXT 2013"]
[Source "ChessBase"]
[SourceDate "2012.11.22"]
[SourceVersion "1"]
[SourceVersionDate "2012.11.22"]
[SourceQuality "1"]

1. d4 c5 2. d5 d6 3. Nc3 Nf6 4. e4 g6 5. f4 Bg4 6. Nf3 Nbd7 7. h3 Bxf3 8. Qxf3 Bg7 9. Bd2 a6 10. a4 0-0 11. g4 b5 12. Be2 b4 13. Nd1 e6 14. a5 exd5 15. exd5 Re8 16. Ne3 Ne4 17. Nc4 Qh4+ 18. Kf1 Ng3+ 19. Kg2 Rxe2+ 0-1

[Event "Brasilia City-ch"]
[White "Cunha, Lucas Aguiar"]
[Black "Reis, Ernesto Guevara"]
[Site "Brasilia"]
[Round "3"]
[Result "1-0"]
[Date "2012.01.08"]
[WhiteElo "2172"]
[BlackElo "1955"]
[PlyCount "39"]
[EventDate "2012.01.06"]
[EventType "tourn"]
[EventRounds "9"]
[EventCountry "BRA"]
[SourceTitle "CBM 146 Extra"]
[Source "ChessBase"]
[SourceDate "2012.02.29"]
[SourceVersion "1"]
[SourceVersionDate "2012.02.29"]
[SourceQuality "1"]

1. b3 b6 2. Bb2 Bb7 3. e3 e6 4. Nf3 Nf6 5. Be2 Be7 6. 0-0 0-0 7. c4 d5 8. d4 Nbd7 9. Ne5 dxc4 10. Bxc4 Nxe5 11. dxe5 Nd5 12. Qg4 c5 13. Rd1 Qc8 14. a3 Rd8 15. Nd2 Bf8 16. Ne4 a6 17. Nd6 Qc7 18. e4 b5 19. exd5 bxc4 20. dxe6 1-0

[Event "BRA-ch op"]
[White "De Oliveira, Aquiles Machado"]
[Black "Reis, Ernesto Guevara"]
[Site "Manaus"]
[Round "8"]
[Result "1/2-1/2"]
[Date "2011.09.07"]
[WhiteElo "2086"]
[BlackElo "1943"]
[PlyCount "40"]
[EventDate "2011.09.03"]
[EventType "swiss"]
[EventRounds "9"]
[EventCountry "BRA"]
[SourceTitle "CBM 144 Extra"]
[Source "ChessBase"]
[SourceDate "2011.10.28"]
[SourceVersion "1"]
[SourceVersionDate "2011.10.28"]
[SourceQuality "1"]

1. d4 d5 2. g3 Nf6 3. Bg2 c6 4. Nf3 Bf5 5. 0-0 e6 6. c4 Nbd7 7. b3 Be7 8. Bb2 h6 9. Nc3 0-0 10. Nd2 Re8 11. e4 dxe4 12. Ndxe4 Nxe4 13. Nxe4 Nf6 14. Qe2 Nxe4 15. Bxe4 Bxe4 16. Qxe4 Bf6 17. Rfd1 Qe7 18. Rd2 a5 19. Rad1 a4 20. h4 axb3 1/2-1/2

[Event "Brasilia"]
[White "Lebredo Zaragoitia, Gerardo"]
[Black "Reis, Ernesto Guevara"]
[Site "Brasilia"]
[Round "1"]
[Result "1-0"]
[Date "2011.08.15"]
[WhiteElo "2245"]
[BlackElo "1947"]
[PlyCount "57"]
[EventDate "2011.08.15"]
[EventType "tourn"]
[EventRounds "13"]
[EventCountry "BRA"]
[SourceTitle "CBM 144 Extra"]
[Source "ChessBase"]
[SourceDate "2011.10.28"]
[SourceVersion "1"]
[SourceVersionDate "2011.10.28"]
[SourceQuality "1"]

1. d4 d5 2. c4 c6 3. Nc3 Nf6 4. e3 e6 5. a3 Bd6 6. Bd2 0-0 7. Qc2 Nbd7 8. c5 Bc7 9. f4 b6 10. b4 a5 11. Rb1 axb4 12. axb4 Ba6 13. Bxa6 Rxa6 14. b5 cxb5 15. c6 Nb8 16. Nxb5 Ne4 17. Nf3 f6 18. 0-0 Rf7 19. Bb4 Ra8 20. Nd2 Nxd2 21. Bxd2 Na6 22. Ra1 Bd6 23. f5 e5 24. Qb3 e4 25. g3 Bf8 26. Ra4 Nc7 27. Nxc7 Rxa4 28. Ne6 Qa8 29. Qxd5 1-0

[Event "Jatai op"]
[White "Caldeira, Adriano"]
[Black "Reis, Ernesto Guevara"]
[Site "Jatai"]
[Round "6"]
[Result "1-0"]
[Date "2011.07.31"]
[WhiteElo "2231"]
[BlackElo "1947"]
[PlyCount "53"]
[EventDate "2011.07.29"]
[EventType "swiss"]
[EventRounds "6"]
[EventCountry "BRA"]
[SourceTitle "EXT 2012"]
[Source "ChessBase"]
[SourceDate "2011.11.24"]
[SourceVersion "1"]
[SourceVersionDate "2011.11.24"]
[SourceQuality "1"]

1. e4 d5 2. exd5 Qxd5 3. Nc3 Qa5 4. Nf3 Bg4 5. d4 Nf6 6. h3 Bxf3 7. Qxf3 c6 8. Bd2 Nbd7 9. 0-0-0 e6 10. g4 Nd5 11. Kb1 Nxc3+ 12. Bxc3 Qd5 13. Bg2 Qxf3 14. Bxf3 0-0-0 15. Rhe1 Nf6 16. Ba5 b6 17. Bd2 Kc7 18. Bc1 h6 19. c4 Bb4 20. Rh1 Nd7 21. a3 Be7 22. h4 Rhe8 23. Bf4+ Bd6 24. Be3 e5 25. g5 Nb8 26. Bg4 Re7 27. c5 1-0

[Event "Jatai op"]
[White "Rodi, Luis Ernesto"]
[Black "Reis, Ernesto Guevara"]
[Site "Jatai"]
[Round "4"]
[Result "1-0"]
[Date "2011.07.30"]
[WhiteElo "2416"]
[BlackElo "1947"]
[PlyCount "111"]
[EventDate "2011.07.29"]
[EventType "swiss"]
[EventRounds "6"]
[EventCountry "BRA"]
[SourceTitle "EXT 2012"]
[Source "ChessBase"]
[SourceDate "2011.11.24"]
[SourceVersion "1"]
[SourceVersionDate "2011.11.24"]
[SourceQuality "1"]

1. e4 c5 2. Nf3 d6 3. d4 cxd4 4. Nxd4 Nf6 5. Nc3 a6 6. Bd3 e5 7. Nf3 Be6 8. Ng5 Qd7 9. Nxe6 Qxe6 10. a4 Be7 11. f3 0-0 12. Bg5 Nbd7 13. b3 Nb6 14. a5 Qc8 15. Qd2 Nbd7 16. Bc4 b5 17. Nd5 Nxd5 18. Bxd5 Ra7 19. b4 Rc7 20. Bb3 Nf6 21. 0-0 h6 22. Qe2 Rd8 23. Be3 Rdd7 24. Bb6 Rc3 25. Rfd1 Bd8 26. Bf2 Bc7 27. Rac1 Bb8 28. Be1 Ba7+ 29. Kh1 Rc6 30. c4 bxc4 31. Ba4 Rdc7 32. Bxc6 Rxc6 33. Rc2 c3 34. Bf2 Bxf2 35. Qxf2 Qb7 36. Rb1 d5 37. exd5 Nxd5 38. Qe2 f6 39. b5 Rc5 40. Ra2 Rxb5 41. Rxb5 Qxb5 42. Qxb5 axb5 43. a6 b4 44. a7 Nc7 45. a8Q+ Nxa8 46. Rxa8+ Kf7 47. Rc8 Ke6 48. Kg1 Kd5 49. Kf2 Kd4 50. Ke2 b3 51. Rb8 b2 52. Kd1 f5 53. Kc2 e4 54. fxe4 fxe4 55. Rb4+ Ke3 56. Kxc3 1-0

[Event "BRA-ch Amateur"]
[White "Freitas, Rogerio Pereira"]
[Black "Reis, Ernesto Guevara"]
[Site "Brasilia"]
[Round "3.1"]
[Result "0-1"]
[Date "2011.04.26"]
[WhiteElo "1855"]
[BlackElo "1921"]
[PlyCount "82"]
[EventDate "2011.04.25"]
[EventType "tourn"]
[EventRounds "9"]
[EventCountry "BRA"]
[SourceTitle "EXT 2022"]
[Source "ChessBase"]
[SourceDate "2021.10.06"]
[SourceVersion "1"]
[SourceVersionDate "2021.10.06"]
[SourceQuality "1"]

1. d4 c5 2. d5 Nf6 3. c4 b5 4. Nc3 d6 5. e4 g6 6. Nf3 Bg7 7. Bd3 0-0 8. 0-0 Nbd7 9. cxb5 a6 10. bxa6 Bxa6 11. Bxa6 Rxa6 12. Qd3 Qb6 13. Re1 Rb8 14. Re2 h6 15. h3 Qb7 16. g4 Nb6 17. g5 c4 18. Qe3 hxg5 19. Nxg5 Nh5 20. Qf3 Bf6 21. Qg4 Nd7 22. f4 Bd4+ 23. Be3 Bxe3+ 24. Rxe3 Ndf6 25. Qf3 Qxb2 26. Rae1 Nh7 27. Nxh7 Kxh7 28. e5 Qb6 29. f5 dxe5 30. fxg6+ Qxg6+ 31. Qg4 f6 32. Qxg6+ Kxg6 33. Re4 Rc8 34. Rg4+ Kf7 35. Re3 Nf4 36. Reg3 Ra3 37. Rg7+ Ke8 38. Kh2 Nh5 39. Rg8+ Kd7 40. Rxc8 Kxc8 41. Rg8+ Kd7 0-1

[Event "Brasiliense-ch 50th"]
[White "Reis, Ernesto Guevara"]
[Black "Martins, Romildo Magalhaes"]
[Site "Brasilia"]
[Round "12.7"]
[Result "1/2-1/2"]
[Date "2010.09.07"]
[WhiteElo "1936"]
[BlackElo "2038"]
[PlyCount "77"]
[EventDate "2010.08.17"]
[EventType "tourn"]
[EventRounds "13"]
[EventCountry "BRA"]
[SourceTitle "EXT 2022"]
[Source "ChessBase"]
[SourceDate "2021.10.06"]
[SourceVersion "1"]
[SourceVersionDate "2021.10.06"]
[SourceQuality "1"]

1. e4 e5 2. Nf3 d6 3. d4 Nf6 4. Nc3 Nbd7 5. Bc4 Be7 6. Bxf7+ Kxf7 7. Ng5+ Kg6 8. Ne6 Qg8 9. Nxc7 Rb8 10. 0-0 Qc4 11. N3d5 Bd8 12. Ne6 Nb6 13. b3 Qb5 14. c4 Qd7 15. f4 Re8 16. Nxf6 Bxf6 17. d5 Kf7 18. fxe5 dxe5 19. c5 Na8 20. Qh5+ Kg8 21. Ng5 g6 22. Qxh7+ Qxh7 23. Nxh7 Kxh7 24. Rxf6 Kg7 25. Bg5 Rf8 26. Raf1 Bd7 27. Rd6 Bb5 28. Rff6 Kh7 29. Kf2 Nc7 30. a4 Rxf6+ 31. Rxf6 Be8 32. d6 Na6 33. d7 Bxd7 34. Rf7+ Kg8 35. Rxd7 Nxc5 36. Rd8+ Rxd8 37. Bxd8 Nxe4+ 38. Ke3 Nc5 39. b4 1/2-1/2